000 00305nam a2200133Ia 4500
008 240624s9999 xx 000 0 und d
041 _aeng
082 _a332 JON
100 _aJONES CHRIS
245 _aFINANCIAL ECONOMICS
260 _c2008
_aLondon
_bRoutledge
300 _a336 : p.
365 _cGBP
_b29
999 _c21093
_d21093